000 00664nam a22002657a 4500
003 UA-OsUOA
001 28735
007 ta
008 20050428b un ||||| |||| 00| 0 ukr d
100 _aЗагребельний П.А.
090 _a821.161.2
_bЗ-14
942 _cBK
040 _aUA-OsUOA
_bukr
_cUA-OsUOA
_dUA-OsUOA
245 _aТисячолітній Миколай
_bРоман
_cПолювання на хлястики
300 _a399 с.
955 _a0
041 _aukr
080 _a821.161.2
020 _a96-03-2604-1
260 _aХ.
_bФоліо
_c2004
246 3 1 _aЧ.1
_n
044 _aUA
650 7 _2UDC
999 _c315107
_d315107